Đẩy mạnh hợp tác quốc tế phát triển nguồn nhân lực văn hóa, thể thao, du lịch /

保存先:
書誌詳細
第一著者: Lê Thu Hiền.
フォーマット: 論文
言語:Vietnamese
主題:
タグ: タグ追加
タグなし, このレコードへの初めてのタグを付けませんか!
Thư viện lưu trữ: Thư viện Trường Đại học Đà Lạt
LEADER 00788nam a2200253 4500
001 DLU180186964
005 ##20180911
040 # # |a DLU  |b vie 
041 # # |a vie 
044 # # |a vn 
100 # # |a Lê Thu Hiền. 
245 # # |a Đẩy mạnh hợp tác quốc tế phát triển nguồn nhân lực văn hóa, thể thao, du lịch /  |c Lê Thu Hiền. 
653 # # |a Đào tạo nguồn nhân lực 
653 # # |a Giải pháp 
653 # # |a Hợp tác quốc tế 
773 # # |t Văn hoá Nghệ thuật  |g Số 400, 2017, tr. 3-6 
920 # # |a Phòng Tạp chí -- Trung tâm Thông tin - Thư viện Trường Đại học Đà Lạt 
900 # # |a True 
911 # # |a Hoàng Thị Huyền 
925 # # |a G 
926 # # |a A 
927 # # |a BB 
980 # # |a Thư viện Trường Đại học Đà Lạt